[Event "Julian Borowski-A 4th"]
[Site "Essen"]
[Date "2002.05.22"]
[Round "6"]
[White "Kortschnoj, Viktor Lvovich"]
[Black "Luther, Thomas"]
[Result "1/2-1/2"]
[WhiteElo "2635"]
[BlackElo "2566"]
[Annotator "Kortschnoj"]
[PlyCount "39"]
[EventDate "2002.05.16"]
[EventType "tourn"]
[EventRounds "9"]
[EventCountry "GER"]
[EventCategory "16"]
[SourceTitle "CBM 090"]
[Source "ChessBase"]
[SourceDate "2002.09.20"]
[SourceVersion "1"]
[SourceVersionDate "2002.09.20"]
[SourceQuality "1"]

1. d4 e6 2. c4 d5 3. Nc3 c6 4. Nf3 Nf6 5. g3 dxc4 6. Bg2 Nbd7 7. O-O b5 8. Bg5
$5 {This idea belongs either to S. Agdestein or to O. Romanishin, both very
active players. The point of this move - to eliminate all pieces which could,
eventually cover the big white-square-diagonal, thus increasing to the maximum
a strength of the bishop g2. Normal continuation, otherwise is 8.e4.} Bb7 9. a4
Qb6 (9... a6 $5) 10. Ne5 Nxe5 ({Certainly} 10... Nd5 {was bad - after} 11. Nxd7
Kxd7 12. e4 {black king would remain forever in the centre.}) ({Because of the
same reason} 10... Be7 {was unsatisfactory:} 11. Nxd7 Nxd7 12. Bxe7 Kxe7 13. e4
) ({But there were two games Romanishin-Sveshnikov, where the great specialist
of this position continued} 10... Rd8 {In the second game (1999) white played}
11. a5 Qa6 12. Nxd7 Rxd7 13. Bxf6 gxf6 14. Ne4 Be7 15. Qc1 {and obtained some
advantage. Taking on e5 looks as the most natural move, but presumably it has
a clear refutation ...} (15. b4 $5)) 11. a5 $2 {I failed to guess what
Romanishin had in mind in this position. The move is wrong.} ({White had to
play instead, as I realized after long home work} 11. dxe5 Nd5 (11... Nd7 12.
Ne4) 12. axb5 Nxc3 (12... cxb5 13. Bxd5 exd5 14. Nxd5 Qc6 15. e4 Bc5 16. b4 $1
{and black has problems to complete his development.}) 13. bxc3 cxb5 14. Bxb7
Qxb7 15. Qd4 {with white's advantage. Although even now it is not clear to me,
whether the pressure of white is decisive, say, after} Qd7 16. Qe4 Qd5 {...})
11... Qa6 12. dxe5 Nd5 13. Ne4 {I tend to critisize every move of white, but I
can't find anything more suitable. After 13.e4 black could play both Nxc3 or
Nb4 with excellent chances to defend the position.} h6 14. Be3 {White has
already burnt the bridges some time ago, and this move is fully in the spirit
of his inflammatory tactics. If 14.Bd2, then black, I believe, would not have
any problems to develop his pieces.} Nxe3 ({After} 14... O-O-O 15. Bc5 $1 {
white would hinder black development for long time.}) 15. fxe3 Rd8 16. Qxd8+ {
Despair. And one might say, not yet motivated.} ({After} 16. Qc2 Be7 ({or} 
16... Rd5 17. Rf4 Rxe5 18. Raf1 f5 19. Qc3 Rd5 20. Nf6+ $1 {- black has
problems to defend his highly compromized position.}) 17. Rf4 O-O 18. Nf6+ {
white would have had strongest attack.}) 16... Kxd8 17. Rxf7 {The threat is
obvious - Rxf8+ followed by Nc5. But black has time to prevent it.} b4 {
17...c3 was also playable.} 18. Rd1+ Ke8 $4 ({After} 18... Kc8 {this fight of
the matter against the spirit would end ignominiously for the latter.}) 19.
Rdd7 c3 20. Nd6+ {At this moment I realized that white is not losing, and
making the move I simultaneously offered a draw. Then, a few seconds later, I
grasped, that White has more than a perpetual check, that black can't avoid
mate!:} (20. Nd6+ Bxd6 21. exd6 Qxa5 22. Rfe7+ Kf8 23. Rxb7 {()o, the only way
to escape mate is to play} Qb6 {what anyway would not save the game...} (23...
Qd8 24. Rf7+ Kg8 25. Rxg7+ Kf8 26. Rbf7+ Ke8 27. Bxc6+)) 1/2-1/2

[Event "Reykjavik Hrokurinn"]
[Site "Reykjavik"]
[Date "2003.02.25"]
[Round "7"]
[White "Kortschnoj, Viktor Lvovich"]
[Black "Sokolov, Ivan"]
[Result "1/2-1/2"]
[WhiteElo "2642"]
[BlackElo "2688"]
[Annotator "Huebner,R"]
[PlyCount "82"]
[EventDate "2003.02.18"]
[EventType "tourn"]
[EventRounds "9"]
[EventCountry "ISL"]
[EventCategory "15"]
[SourceTitle "CBM 094"]
[Source "ChessBase"]
[SourceDate "2003.05.26"]
[SourceVersion "1"]
[SourceVersionDate "2003.05.26"]
[SourceQuality "1"]

1. Nf3 d5 2. d4 Nf6 3. c4 c6 4. e3 Bg4 5. h3 Bh5 6. cxd5 Bxf3 7. Qxf3 cxd5 8.
Nc3 Nc6 9. Bd2 a6 {Ruhige Fortsetzung der Entwicklung genügt zum Ausgleich:} (
9... e6 10. Bd3 Rc8 (10... Bd6 11. O-O O-O 12. Rfc1 Rc8 13. a3 Na5 14. Nb5
Rxc1+ 15. Rxc1 Nb3 16. Rc2 Bb8 17. Bb4 Re8 18. Be1 {1/2-1/2 Seres,L-Nezar,M/
Budapest 2001/CBM 81 ext (18).}) 11. O-O Bd6 12. Rac1 O-O 13. Rfd1 a6 $11 {
1/2-1/2 Dreev,A-Chernin,A/Neum 2000/EXT 2001 (42). (41)}) 10. Rc1 Rc8 11. Bd3
e5 {Das war die Absicht des Schwarzen, als er 9...a6 spielte: er kann sofort
im Zentrum aktiv werden. Auch dieser Aufbau sollte Ausgleich herbeiführen.} 12.
dxe5 ({Nach} 12. Bf5 e4 13. Qd1 Rc7 {ist der Königsläufer des Weißen auf
Abwege geraten.}) 12... Nxe5 13. Qe2 Bd6 14. O-O O-O 15. Rfd1 Bb8 16. Be1 (16.
Bf5 $5 Rc6 17. e4 d4 (17... dxe4 18. Nxe4 Nxe4 19. Bxe4 {ist ungmütlich für
Schwarz.}) 18. Bg5 {hätte zu einer äußerst scharfen, schwer einzuschätzenden
Stellung geführt.}) 16... Qd6 (16... Nxd3 {führt zu gleichem Spiel:} 17. Qxd3
Qd6 18. Nxd5 Rxc1 19. Nxf6+ Qxf6 20. Rxc1 Qxb2 $11) 17. Bf5 Nc6 18. g3 Rcd8 19.
Qf3 Qe5 20. Ne2 Ne4 (20... Qxb2 {ist nicht zu verantworten:} 21. Rxc6 $1 (21.
Bc3 Ne5 {gibt dem Weißen keinen Vorteil.}) 21... bxc6 22. Bc3 Qxa2 23. Bxf6 {
und Weiß gewinnt, denn} gxf6 {scheitert an} 24. Qg4+ Kh8 25. Qh4) 21. Nd4 (21.
Bc3 Nxc3 22. bxc3 Qf6 {bringt dem Weißen keinen Vorteil.}) 21... Nxd4 (21...
Rd6 {ist schwächer:} 22. Nxc6 bxc6 23. Bxe4 dxe4 24. Qe2 $14) 22. exd4 Qe7 23.
Ba5 Rde8 24. Re1 ({Sofortiges} 24. Qb3 {ist nicht besser; bei den allfälligen
taktischen Verwicklungen das Feld e3 mangelhaft geschützt:} Qg5 25. Bxe4 dxe4
26. Bb4 (26. Bd2 Qg6 27. Bb4 e3 28. Qc2 exf2+ 29. Qxf2 Bd6 $15) 26... e3 (26...
Rc8 {ist ebenfalls spielbar.}) 27. Bxf8 Bxg3 28. fxe3 (28. fxg3 Qxg3+ 29. Kh1
Qxh3+ 30. Kg1 Re4 $19) 28... Rxe3 (28... Bf4+ 29. Kh1 Rxe3 30. Bd6 Qf5 31. Bxf4
Qxh3+ 32. Bh2 Qf3+ {führt ebenfalls zum Remis.}) 29. Be7 Bf2+ 30. Kxf2 Qg3+ 31.
Kf1 Qxh3+ 32. Kf2 {Schwarz hat nicht mehr als Dauerschach.}) 24... g6 25. Bxe4
dxe4 26. Qb3 Qg5 (26... Bd6 {ergibt eine ausgeglichene Stellung:} 27. Bb6 {
mit der Absicht Lb6-c5.}) 27. Bb4 e3 {Der Textzug genügt zum Remis.} ({Jetzt
behält Weiß nach} 27... Rc8 28. Rxc8 Rxc8 29. Rxe4 Qf5 30. Qe3 {einen gesunden
Mehrbauern.}) 28. Rxe3 ({Die Fortsetzung} 28. Bxf8 Bxg3 29. Rxe3 Bf4+ 30. Kf1
Bxe3 {birgt für den Weißen nur Risiken, weil sein König unsicher steht.}) 28...
Bxg3 (28... Rxe3 29. Qxe3 Qxe3 30. fxe3 Re8 31. Kf2 {ist natürlich nicht
erfreulich für Schwarz.}) 29. Rc5 Bxf2+ $11 (29... Rxe3 30. Rxg5 Rxb3 31. axb3
Bf4 32. Rg4 {kostet den Schwarzen Material.}) 30. Kxf2 Qf4+ 31. Ke2 Qh2+ 32.
Kd3 Rxe3+ 33. Kxe3 Re8+ 34. Re5 Qxh3+ 35. Kd2 Qh2+ 36. Kc1 Rxe5 37. dxe5 Qxe5
38. Qf3 Qb5 39. Bc3 f5 40. Qd1 Kf7 41. Qd8 Qf1+ 1/2-1/2

[Event "FIDE-Wch k.o."]
[Site "Moscow"]
[Date "2001.11.27"]
[Round "1.4"]
[White "Psakhis, Lev"]
[Black "Kortschnoj, Viktor Lvovich"]
[Result "1-0"]
[WhiteElo "2573"]
[BlackElo "2639"]
[Annotator "Hecht,H"]
[PlyCount "119"]
[EventDate "2001.11.27"]
[EventType "k.o."]
[EventRounds "7"]
[EventCountry "RUS"]
[SourceTitle "CBM 086"]
[Source "ChessBase"]
[SourceDate "2002.02.05"]
[SourceVersion "1"]
[SourceVersionDate "2002.02.05"]
[SourceQuality "1"]

1. e4 c6 2. d4 d5 3. Nd2 dxe4 4. Nxe4 Bf5 5. Ng3 Bg6 6. Nf3 Nd7 7. h4 h6 8. h5
Bh7 9. Bd3 Bxd3 10. Qxd3 e6 11. Bd2 Ngf6 12. O-O-O Qc7 13. Ne4 Be7 14. g3 Nxe4
15. Qxe4 O-O-O 16. Bf4 Bd6 17. Bxd6 Qxd6 18. Ne5 Nxe5 19. dxe5 Qc5 20. Qf4 Rhf8
21. Rhe1 Rd5 22. a3 Qe7 23. c4 Rxd1+ 24. Rxd1 Qg5 25. Qxg5 hxg5 {[#] Weißer
Raumvorteil und die bessere Bauernstruktur} 26. Kd2 Rh8 (26... Rd8+ $5 27. Ke2
Rxd1 28. Kxd1 Kd7 29. Ke2 Ke7 30. Kf3 (30. g4 f5) 30... f5 31. exf6+ Kxf6 32.
Ke4 e5 33. g4 Ke6 {[#] Remis!? Weiß hat zwar viele Tempi, aber der Bc6 wird
eisern stehen bleiben, um d5 zu decken, so dass der König zwischen e6 und f6
pendeln kann.}) 27. g4 Rh6 (27... Rd8+ 28. Ke2 Rxd1 29. Kxd1 Kd7 30. f4 gxf4
31. g5 Ke7 32. Ke2 f5 $1 $11) 28. Ke3 g6 29. Rh1 gxh5 30. gxh5 Kd7 31. Kf3 Ke7
32. Kg4 f6 33. exf6+ Kxf6 34. Rd1 Rh7 35. Rd8 Rf7 36. Rg8 Rd7 37. Rg6+ Kf7 38.
Kxg5 Rd1 39. Rf6+ Ke7 40. Rf4 Rg1+ 41. Rg4 Rf1 42. Kg6 Rxf2 43. h6 Rf6+ 44. Kh5
Rf5+ 45. Rg5 Rf2 46. Kg6 (46. h7 Kf7 47. Rg4 Rf5+ (47... Rh2+ 48. Rh4 Rxh4+ 49.
Kxh4 Kg7 50. Kg5 Kxh7 51. Kf6 $18) 48. Kh4 Rf1 49. Rf4+ $1 (49. h8=N+ Kf6 $11)
49... Rxf4+ 50. Kg3 Rxc4 51. h8=Q b5 52. Qh7+ Kf6 53. Qxa7 $18) 46... Rf6+ 47.
Kh7 b6 48. b4 a6 49. a4 Kf7 50. Rg7+ Kf8 51. Rg8+ Kf7 52. Rb8 Rf4 53. Rb7+ Kf8
54. Kg6 Rg4+ 55. Kf6 Rf4+ 56. Kxe6 Re4+ 57. Kf5 Rh4 58. h7 a5 59. bxa5 bxa5 60.
h8=Q+ 1-0

[Event "Beersheba"]
[Site "Beersheba"]
[Date "1990.??.??"]
[Round "9"]
[White "Ftacnik, Lubomir"]
[Black "Kortschnoj, Viktor Lvovich"]
[Result "1/2-1/2"]
[WhiteElo "2560"]
[BlackElo "2625"]
[Annotator "Ribli,Z"]
[PlyCount "81"]
[EventDate "1990.03.??"]
[EventType "tourn"]
[EventRounds "9"]
[EventCountry "ISR"]
[EventCategory "13"]
[SourceTitle "CBM 017"]
[Source "ChessBase"]
[SourceDate "1990.08.01"]
[SourceVersion "1"]
[SourceVersionDate "1990.08.01"]
[SourceQuality "1"]

1. Nf3 Nf6 2. c4 c5 3. Nc3 Nc6 4. g3 d5 5. cxd5 Nxd5 6. Bg2 g6 7. O-O (7. Ng5
e6 8. Nge4 b6 9. d3 Bg7 10. Qa4 Bd7 11. Nxd5 exd5 12. Nd6+ Ke7 13. Nxf7 Ne5 14.
Bg5+ Kxf7 15. Bxd5+ Ke8 16. Qh4 Qb8 17. O-O h6 18. Bf6 Bxf6 19. Qxf6 Rf8 20.
Qg7 Bc6 21. Bxc6+ Nxc6 22. Qxg6+ Kd7 23. Qg7+ Ne7 24. d4 Rg8 25. Qh7 cxd4 26.
Rad1 Qe5 27. e3 Rh8 $11 {Dzindzichashvili,R-Polugaevsky,L/ New York op 1989/
0-1 (67)}) 7... Bg7 8. Nxd5 Qxd5 9. d3 O-O {-> A 38} 10. Be3 Bxb2 $5 11. Rb1
Bg7 12. Nd4 (12. Qa4 $5 $44) 12... Qxa2 13. Nxc6 bxc6 14. Bxc6 (14. Bxc5 Bf6
15. d4 Rd8 16. e3 Ba6 17. Ra1 Qc4 18. Qc1 e5 19. Qxc4 Bxc4 20. Rfc1 Bb5 21.
Bxa7 exd4 22. exd4 Rd7 23. Bxc6 Bxc6 24. Rxc6 Bxd4 25. Bxd4 Rxa1+ 26. Bxa1 {
1/2-1/2 Pekarek,A-Hawelko,M/ Warsaw zt-B 1987 (26)}) 14... Bh3 15. Bxa8 Rxa8 (
15... Bxf1 16. Bf3 (16. Qxf1 Rxa8 $15) 16... Bh3 17. Bxc5 a5 18. d4 $14) 16.
Re1 Bc3 17. f3 c4 $1 (17... Rd8 18. Bxc5 Bxe1 19. Qxe1 Rxd3 20. Ra1 Qc2 21. Rc1
Qd2 22. Bxa7 Qxe1+ {1/2-1/2 Kharitonov,A-Korsunsksky,R/ URS 1979 (22)}) 18. Ra1
Qxa1 19. Qxa1 Bxa1 20. Rxa1 cxd3 21. exd3 a5 22. g4 $1 h5 23. gxh5 gxh5 24. Bc5
Kf8 25. Ra4 $1 Ra6 26. Rh4 Rg6+ 27. Kf2 Rg2+ 28. Ke3 Rg5 29. d4 Be6 30. Re4 Ke8
31. Re5 $1 Rxe5+ 32. dxe5 Kd7 33. Ke4 Bh3 34. Bb6 a4 35. Bc5 Bg2 36. Ba3 Ke6
37. Bb4 f5+ 38. exf6 exf6 39. Ba3 Bh3 40. Bb2 Bf5+ 41. Kd4 1/2-1/2

[Event "Sigeman & Co 04th"]
[Site "Malmo"]
[Date "1996.??.??"]
[Round "1"]
[White "Bellon Lopez, Juan Manuel"]
[Black "Kortschnoj, Viktor Lvovich"]
[Result "1/2-1/2"]
[WhiteElo "2505"]
[BlackElo "2645"]
[Annotator "King,D"]
[PlyCount "130"]
[EventDate "1996.06.??"]
[EventType "tourn"]
[EventRounds "9"]
[EventCountry "SWE"]
[EventCategory "12"]
[SourceTitle "CBM 054"]
[Source "ChessBase"]
[SourceDate "1996.10.01"]
[SourceVersion "1"]
[SourceVersionDate "1996.10.01"]
[SourceQuality "1"]

1. d4 {Hecht} Nf6 2. Nf3 e6 3. c4 d5 4. Nc3 c5 5. e3 Nc6 6. a3 cxd4 7. exd4 Ne4
8. Bd3 Nxc3 9. bxc3 dxc4 10. Bxc4 Be7 11. Bf4 Qa5 12. Qd3 O-O 13. O-O Bf6 14.
Rfe1 Ne7 15. Be5 Bd7 16. Bxf6 gxf6 17. Nd2 Bc6 18. Re3 Ng6 19. Rg3 Kh8 20. Qe3
Rg8 21. Be2 Ne7 22. Nc4 Qd5 23. f3 Nf5 24. Rxg8+ Kxg8 25. Qf4 Bb5 26. Ne3 Nxe3
27. Bxb5 Qxb5 28. Qxe3 Rc8 29. Rc1 Qb3 30. h4 $1 {White manages to generate
enough counterplay on the kingside by using the h-pawn. Black has to return to
defend, and the danger passes.} Qxa3 31. Qf4 b6 32. h5 Kf8 33. Rc2 Qe7 34. h6
$1 f5 35. c4 Qf6 36. c5 bxc5 37. dxc5 e5 38. Qg3 Qxh6 39. Qxe5 Re8 40. Qd6+ Kg7
41. Qxh6+ Kxh6 {Hecht: Je 1 Freibauer mit aktivem wK zwecks
Freibauernunterstützung; aktiver sT mit gegenspiel am K-Flügel} 42. c6 Rc8 43.
Kf2 f4 44. Ke2 Kg5 45. Kd3 Kf6 46. Kd4 Ke7 47. Kc5 Rg8 48. Rd2 Rg5+ 49. Kc4 Rg8
50. Kb5 Rb8+ 51. Kc5 Rb1 52. Rd7+ Ke6 53. Rxa7 Rc1+ 54. Kb6 Rc2 55. Ra1 Rb2+
56. Kc7 Rxg2 57. Re1+ Kf6 58. Rb1 Rf2 59. Kb7 Rxf3 60. c7 Rc3 61. Rb6+ Ke5 62.
Rc6 Rb3+ 63. Ka6 (63. Kc8 {Hecht} Ra3 64. Kd8 Ra8+ 65. c8=Q Rxc8+ {und Schwarz
macht mindestens remis}) 63... Ra3+ 64. Kb7 Rb3+ 65. Ka6 Ra3+ 1/2-1/2

[Event "Roquebrune rapid"]
[Site "Roquebrune"]
[Date "1992.??.??"]
[Round "5"]
[White "Seirawan, Yasser"]
[Black "Kortschnoj, Viktor Lvovich"]
[Result "1-0"]
[WhiteElo "2600"]
[BlackElo "2585"]
[Annotator "Kortschnoj"]
[PlyCount "77"]
[EventDate "1992.02.??"]
[EventType "tourn (rapid)"]
[EventRounds "22"]
[EventCountry "FRA"]
[EventCategory "15"]
[SourceTitle "CBM 028"]
[Source "ChessBase"]
[SourceDate "1992.06.01"]
[SourceVersion "1"]
[SourceVersionDate "1992.06.01"]
[SourceQuality "1"]

1. d4 Nf6 2. Nf3 e6 3. Bg5 c5 4. e3 Be7 5. Nbd2 cxd4 6. exd4 b6 7. c3 Bb7 8.
Bd3 d6 9. Bxf6 {N} Bxf6 10. Be4 $1 {The logical continuation of the
strategical operation, startet on the previous move. White gets a slight, but
clear edge.} Bxe4 (10... d5 11. Bd3 Nd7 {would promise more opportunities for
both sides.}) 11. Nxe4 d5 12. Nxf6+ gxf6 (12... Qxf6 13. Qa4+ {Is very
annoying for black.}) 13. Qd2 O-O 14. g4 $1 Nd7 15. h4 Kh8 16. O-O-O Rg8 17. g5
Rc8 18. Kb1 Qe7 19. Rhg1 Rg7 20. Qf4 Rcg8 21. Rg3 a5 22. Qc7 $2 {The queen has
nothing to do on c7. White is loosing several important tempi.} (22. Rdg1 $1
$16 {Now white's advantage is indisputable.}) 22... fxg5 23. hxg5 f6 24. gxf6
Qxf6 25. Rdg1 Rxg3 26. Rxg3 Rxg3 27. Qxg3 Qg6+ $2 (27... h5 $1 $10 {This
endgame is about equal.}) 28. Qxg6 hxg6 {This knights ending is totally lost
for black.} 29. Ng5 Nf8 30. Nf7+ Kg7 31. Ne5 Kf6 32. Kc2 Ke7 33. Kb3 Nd7 34.
Nxd7 Kxd7 35. Ka4 g5 36. Kb5 Kc7 37. a4 g4 38. b4 Kd6 39. bxa5 1-0

[Event "Dos Hermanas 10th"]
[Site "Dos Hermanas"]
[Date "1999.04.09"]
[Round "3"]
[White "Adams, Michael"]
[Black "Kortschnoj, Viktor Lvovich"]
[Result "1-0"]
[WhiteElo "2716"]
[BlackElo "2673"]
[Annotator "Wedberg,T"]
[PlyCount "111"]
[EventDate "1999.04.06"]
[EventType "tourn"]
[EventRounds "9"]
[EventCountry "ESP"]
[EventCategory "19"]
[SourceTitle "CBM 071"]
[Source "ChessBase"]
[SourceDate "1999.08.01"]
[SourceVersion "1"]
[SourceVersionDate "1999.08.01"]
[SourceQuality "1"]

1. e4 e5 2. Nf3 Nc6 3. Bb5 Nf6 4. O-O Nxe4 5. d4 Nd6 6. Bxc6 dxc6 7. dxe5 Nf5
8. Qxd8+ Kxd8 9. Nc3 h6 10. Rd1+ Ke8 11. h3 Bb4 (11... Be6 12. b3 Bb4 13. Ne2
Bd5 14. Ne1 Bxe1 15. Rxe1 a5 16. f3 Rd8 17. Kf2 c5 18. Bb2 h5 $11 {1/2-1/2
Anka,E-Riediger,M/Bayern 1994/EXT 99 (42)}) 12. Ne2 Be7 {On e7 the B
interferes with the movement of Nf5. Manouveres like Ne7-g6 or Ne7-d5 are
obstructed and White might threaten to go g4 forcing a N-exchange on h4 later
on.} ({Therefore} 12... Bc5 {is a more flexible choice.} 13. Nf4 Be6 14. b3 a5
15. a4 Rd8 16. Rxd8+ Kxd8 17. Bd2 b6 18. Nxe6+ fxe6 19. Bc3 Rf8 $11 {0-1 Prie,
E-Bauer,C/Narbonne 1997/CBM 61 (62)}) 13. b3 h5 14. Bg5 {This is the preferred
method to meet an early h5. Exchanging black-squared B:s is in White´s
interest. After the exchange White´s N:s can hop in on g5 and f4.} f6 {After
this concession it´s clear that White has an advantage. The fact that
Kortschnoj feels obliged to make such an ugly move makes the whole setup
unattractive.} (14... Be6 15. Nf4 {is also pleasant for White.}) 15. exf6 gxf6
16. Bf4 Nd6 17. c4 $14 {Black has too many weaknesses to be anything else than
worse. The pair of B:s is not enough compensation.} Kf7 18. Rac1 Bf5 19. Ng3
Bh7 20. Re1 Ne8 21. Rcd1 Bd6 22. Bxd6 cxd6 23. Rd2 $16 Ng7 {Black must go for
some activity.} (23... Rd8 24. Rde2 Rd7 25. Nxh5 $16) 24. Rxd6 Rhd8 25. Red1
Rxd6 26. Rxd6 Ke7 27. Rd2 a5 28. a3 a4 29. b4 b6 30. Nd4 c5 31. bxc5 bxc5 32.
Nb5 Bg8 33. Ne4 Bxc4 34. Nbd6 Be6 35. Nxc5 Rb8 36. Nxe6 Kxe6 37. Ne4 Ke5 38.
Nc5 Ra8 39. Rd7 $1 $18 Nf5 40. g3 Nd6 (40... Ra5 41. f4#) 41. f4+ Kd5 42. Nb7
Kc6 43. Rxd6+ Kxb7 44. Rd4 Kc6 45. g4 h4 46. Kf2 Rb8 47. Ke3 Kc5 48. Rxa4 Rb3+
49. Ke4 Rxh3 50. Ra6 Rg3 51. Kf5 h3 52. Rxf6 Rxa3 53. Rh6 Kd4 54. g5 Rg3 55. g6
Ke3 56. Ke5 1-0

[Event "Tilburg Fontys"]
[Site "Tilburg"]
[Date "1998.10.28"]
[Round "5"]
[White "Kortschnoj, Viktor Lvovich"]
[Black "Zvjaginsev, Vadim"]
[Result "1/2-1/2"]
[WhiteElo "2625"]
[BlackElo "2650"]
[Annotator "Donev,I"]
[PlyCount "55"]
[EventDate "1998.10.23"]
[EventType "tourn"]
[EventRounds "11"]
[EventCountry "NED"]
[EventCategory "18"]
[SourceTitle "EXT 1999"]
[Source "ChessBase"]
[SourceDate "1998.11.16"]
[SourceVersion "1"]
[SourceVersionDate "1998.11.16"]
[SourceQuality "1"]

1. d4 d5 2. c4 e6 3. Nc3 Be7 4. Nf3 Nf6 5. Bg5 h6 6. Bh4 O-O 7. e3 b6 8. Rc1
Bb7 9. Bxf6 Bxf6 10. cxd5 {Wieso tauscht Weiß im 9. und 10. Zug ab? Den
Abtausch Lxf6 hat Weiß erst nach dem Fianchetto des Läufers auf b7 gemacht.
Mit dem Tausch cxd5 wird der weißfarbige Läufer in einer passive Stellung
gelassen. Falls Weiß diesen Abtausch früher gemacht hätte, könnte der
Nachziehende seinen Damenläufer nach e6 entwickeln, wo er klar besser stehen
würde.} exd5 11. b4 {Es ist nicht schwer zu erkennen, daß das schwarze
Läuferpaar von den Bauern d4 und d5 momentan stark eingeschränkt wird. Mit dem
Textzug strebt Weiß danach, den Standarddurchbruch c7-c5 zu verhindern.} c6 12.
Qb3 {[%csl Rc6] Aus der Praxis sind zwei Hauptpläne für Weiß in dieser
Stellung bekannt: a) Vorbereitung und Durchführung des Durchbruchs im Zentrum
e3-e4. b) Spiel am Damenflügel mittels a2-a4-a5 (der Zug b4-b5 hat nur dann
einen Sinn wenn Schwarz nicht c6-c5 antworten kann!) Aber diese Pläne haben
auch negative Seiten. Der erste Plan schwächt den d4-Bauern und befreit
teilweise die schwarzen Läufer. Der zweite Plan macht den b4-Bauern schwach 
(besonders bei abgetauschten Türmen). Darum ist es für Weiß wichtig, zuerst
die besten Felder für seine Figuren zu finden.} a5 (12... Qd6 13. Be2 Nd7 14.
O-O a5 15. bxa5 Rxa5 16. a4 Rfa8 $11) 13. bxa5 Rxa5 14. Be2 Bc8 (14... c5 15.
dxc5 Rxc5 16. O-O Qc8 17. Nd4 Nc6 18. Rfd1 Nxd4 19. exd4 Rc6 $11 {1/2-1/2
Bousios,H-Boensch,U/Ano Liosia 1995/CBM 46 ext (56)}) 15. O-O Be6 16. a4 Nd7
17. Qb1 Be7 18. Bd3 Ba3 19. Rc2 Qe7 20. Ra2 Rfa8 {[%csl Ra4] Schwarz hat sehr
gut seine Kräfte umgruppiert und gutes Spiel am Damenflügel erhalten. Jetzt
droht Bb4.} 21. Bh7+ Kh8 22. Bf5 Bxf5 23. Qxf5 Bb4 24. Ne2 Qe6 (24... Rxa4 25.
Rxa4 Rxa4 26. Qc2 $14 {[%cal Yc2a4,Yc2c6]}) 25. Qc2 Bd6 26. Nc3 Bb4 27. Ne2 Bd6
28. Nc3 1/2-1/2